00301pab a2200121 454500008004000000100001800040245004200058260000900100300001300109362001100122650001200133773003400145180718b2013 xxu||||| |||| 00| 0 eng d aGrover, Anand aAnalysing the Supreme Court judgement c2013 ap.46-48. a10 Aug aPatents aEconomic and Political Weekly